000 00244nam a2200109Ia 4500
008 200302s9999 xx 000 0 und d
100 _aStapati
245 _aTimeless resorts
260 _bORO Editions Publishing
260 _c2015
300 _a255
999 _c7341
_d7341